Sports Quiz

Random Sports or MLB Quiz
Score 0/8 Timer 01:30
0 Plays Today
Record Team % Correct
103-51 New York Yankees
94.6%
104-49 Chicago Cubs
81.7%
102-63 Los Angeles Dodgers
80%
104-50Brooklyn Dodgers
80%
103-59San Francisco Giants
78.4%
100-54Detroit Tigers
62.6%
101-61 Detroit Tigers
62.6%
100-62 Baltimore Orioles
58.4%

You're not logged in!

Compare scores with friends on all Sporcle quizzes.
OR
Log In

Sporcle TV

Today on Sporcle TV


Watch our educational content, quiz creation guides, and fun videos on Sporcle TV.

Show Comments

Extras

Top Quizzes Today


Score Distribution

Paid Content

Your Account Isn't Verified!

In order to create a playlist on Sporcle, you need to verify the email address you used during registration. Go to your Sporcle Settings to finish the process.

Report this User

Report this user for behavior that violates our Community Guidelines.

Details: